Teología litúrgica. Métodos y perspectivas
Uloženo v:
| Hlavní autoři: | , , , |
|---|---|
| Médium: | Kniha |
| Jazyk: | španělština |
| Vydáno: |
Barcelona, España
Centre de Pastoral Litúrgica
2013
|
| Vydání: | Primera edición |
| Edice: | Dossiers CPL, 128
|
| Témata: | |
| Tagy: |
Přidat tag
Žádné tagy, Buďte první, kdo vytvoří štítek k tomuto záznamu!
|
MARC
| LEADER | 00000cam a2200000 a 4500 | ||
|---|---|---|---|
| 001 | UCC3301 | ||
| 003 | CL-VaPUC | ||
| 005 | 20211108104631.0 | ||
| 008 | 180427e20130000sp |||||||||||||||||spa|d | ||
| 999 | |c 371062 |d 371060 | ||
| 020 | |a 9788498056143 | ||
| 040 | |c Pontificia Universidad Católica de Valparaíso | ||
| 082 | 0 | 4 | |a 264.13 |b ARO |2 21 |
| 100 | 0 | |a Arocena, Félix María |e author |9 597305 | |
| 245 | 1 | 0 | |a Teología litúrgica. |b Métodos y perspectivas |
| 250 | |a Primera edición | ||
| 260 | |a Barcelona, España |b Centre de Pastoral Litúrgica |c 2013 | ||
| 300 | |a 150 p | ||
| 490 | 0 | |a Dossiers CPL, 128 | |
| 583 | |a last modification |c 20180427 13:12:00 |k Rodrigo Vera | ||
| 650 | 0 | |a Liturgia católica |9 516111 | |
| 700 | 0 | |a Fagerberg, David W |e author |9 597306 | |
| 700 | 0 | |a Migut, Boguslaw |e author |9 597307 | |
| 700 | 0 | |a Sodi, Manlio |e author |9 597308 | |
| 852 | |a BIBCUR | ||
| 942 | |c BK |2 ddc | ||
| 945 | |d 20180427 13:12:00 |a dcastane | ||
| 952 | |0 0 |1 0 |3 erb |4 0 |6 264_130000000000000_ARO_2013 |7 0 |8 A |9 487939 |a BIBTEO |b BIBTEO |i 5468280 |o 264.13 ARO 2013 |p 5468280 |r 2025-01-17 |w 2019-11-24 |y BK |z Catalogado en:20180427 |k ICR | ||
| 952 | |0 0 |1 0 |2 ddc |4 0 |6 264_130000000000000_ARO_2013 |7 0 |8 A |9 577401 |a BIBTEO |b BIBTEO |d 2021-01-04 |e 3 |g 26672.00 |i 5581583 |o 264.13 ARO 2013 |p 5581583 |r 2025-01-17 |t 2 |v 26672.00 |w 2021-01-04 |y BK |k ICR | ||